| 000 | 00818nam a2200241Ia 4500 | ||
|---|---|---|---|
| 999 |
_c1485 _d1485 |
||
| 007 | ta | ||
| 008 | 190719t2013 xxk|||||||||||||| ||und|| | ||
| 020 |
_a9780707723198 _c£ 30.00 |
||
| 040 |
_aKO _beng |
||
| 041 | 0 | _aeng | |
| 044 | _axxk | ||
| 082 | 0 | 4 |
_a623.8945 _bUn314 _223 |
| 110 |
_aGreat Britain. _bHydrographic Office |
||
| 245 | 0 |
_aAdmiralty List of Lights and Fog Signals, Vol. F, 2013/14 : _bNorth East Indian Ocean, South China and Eastern Archipelagic Seas and Western Parts of Philippine, East China and Yellow Seas / _cUnited Kingdom Hydrographic Office |
|
| 250 | _a2013/14th ed. | ||
| 260 |
_aTaunton : _bAdmiralty publications , _c2013. |
||
| 300 |
_a454 p.; _c30 cm. |
||
| 490 |
_aNP; _v79, Vol. F |
||
| 650 |
_aFog-signals _vRegisters |
||
| 904 | _aA_BOSE | ||
| 942 |
_2ddc _cBK |
||